Santos Top Scorers - Statistics

General Stats
  • This quiz has been taken 70 times
  • The average score is 8 of 25
Answer Stats
Country Goals Player (Answer) % Correct
Brazil 70 Neymar
98%
Brazil 23 Pele
96%
Venezuela 19 Yeferson Soteldo
59%
Brazil 43 Gabriel Barbosa
53%
Brazil 51 Ricardo Oliveira
49%
Uruguay 27 Carlos Sanchez
47%
Brazil 13 Coutinho
47%
Brazil 38 Marcos Leonardo
47%
Brazil 15 Ganso
45%
Brazil 22 Robinho
45%
Brazil 26 Borges
33%
Brazil 41 Marinho
33%
Colombia 18 Jonathan Copete
29%
Brazil 12 Bruno Henrique
27%
Brazil 13 Elano
27%
Brazil 17 Kaio Jorge
24%
Brazil 19 Eduardo Sasha
22%
Brazil 57 Kleber Pereira
22%
Brazil 17 Cicero
10%
Brazil 13 Ze Love
10%
Brazil 14 Madson
8%
Colombia 14 Mauricio Molina
6%
Brazil 14 Andre Felipe
4%
Brazil 19 Lucas Braga
2%
Brazil 13 Vitor Bueno
2%
No matching quizzes found
Score Distribution
Percent of People with Each Score
Percentile by Number Answered
Your Score History
You have not taken this quiz